000 00541nam a2200253Ia 4500
005 20251020182504.0
008 200515s9999 xx 000 0 und d
082 _a625.872/C42
110 _aCelima Witex
245 0 _aPavimentos
260 _aLima
260 _bCelima
260 _c1999
300 _ap. irregular
300 _bil., col., fot.
500 _a1 ejemplar
650 _aCERAMICA
650 _aLAMINADOS
650 _aMARMOL
650 _aMAYOLICAS
650 _aPAVIMENTOS
942 _cLIB
999 _c1238
_d1238